00767nam a22002057a 4500999001900000005001700019010001300036020002600049035001300075037000900088082001000097100002200107245010400129260003800233270006200271300002600333500002000359942002400379952015800403 c181148d18114820210902152812.0 aB-741373 a9788172010065c540.00 aB-741373 bGift a820.9 aDas, Sisir Kumar  aA history of Indian literature: b1800-1910 western impact: Indian response / cby Sisir Kumar Das  aNew DelhibSahitya Akademi c2012 aRabindra Bhawan, 35 Ferozeshah Road, bNew Delhi e110001 axiii, 815p.c24cm(Hb) aincludes index  2ddccENmDASh820.9 001040708NFICaLbLd2021-09-02eGift/Eng/18-08-2021g540.00l1o820.9 DASpB-741373r2026-04-09 13:43:24s2026-03-10t1v540.00w2021-09-02yENzGift